Najbardziej znane powiaty w Polsce - Statystyki

Ogólne statystyki
  • Ten quiz został rozwiązany 15 razy
  • Średni wynik to 19 z 23
Statystyki odpowiedzi
Procent Powiat % Poprawnych
71% Białystok
100%
81% Gdańsk
100%
77% Gdynia
100%
72% Katowice
100%
77% Kraków
100%
75% Poznań
100%
81% Warszawa
100%
70% Bydgoszcz
93%
74% Łódż
93%
72% Lublin
93%
68% Rzeszów
93%
76% Szczecin
93%
74% Wrocław
93%
67% Zielona Góra
93%
66% Kielce
86%
69% Olsztyn
86%
66% Radom
86%
69% Sopot
86%
70% Toruń
86%
67% Opole
79%
64% krakowski
36%
65% opolski
21%
64% poznański
21%
Nie znaleziono quizów pasujących do podanych kryteriów
Rozkład punktacji
Procent ludzi z każdym wynikiem
Percentyl według liczby udzielonych odpowiedzi
Twoja historia wyników
Nie rozwiązałeś tego quizu